LEADER 00928nam a2200205 i 4500 001 000000032858 003 CaOOAMICUS 005 20180830125450.0 008 180830s1846 ne u000 u und u 040 $aSeMil$bita 100 1 $aMontalembert, Charles : de,$d<1810-1870>.$0(OLS)http://semarc/name/6409 245 10$aHistoire de Sainte Élisabeth de Hongrie, duchesse de Thuringe (1207-1231) /$cpar le comte de Montalembert. 260 $aBruxelles :$bSociété typographique belge,$c1846. 300 $a2 v. ;$c18 cm. 500 $aLegati insieme i 2 vol. 600 04$aElisabetta : d'Ungheria .$0(OLS)http://semarc/subject/2236 774 0 $tTome 1.$g1$w()92445 774 0 $tTome 2.$g2$w()246901 996 $6245$aHistoire de Sainte Élisabeth de Hongrie, duchesse de Thuringe (1207-1231)$9(OLS)http://semarc/title/44487 996 $6260$aBruxelles :$bSociété typographique belge$9(OLS)http://semarc/publisher/31313 LEADER 01062nam a2200265 i 4500 001 000000042234 003 CaOOAMICUS 005 20100804000000.0 008 100804s1994 it u000 u ita u 013 $a13404 020 $a88-350-8835-6 040 $aSeMil$bita 100 1 $aAgazzi, Evandro,$d<1934- >.$0(OLS)http://semarc/name/4499 245 10$aCultura scientifica e interdisciplinarità /$cEvandro Agazzi. 260 $aBrescia :$bLa Scuola,$c1994. 300 $a142 p. ;$c21 cm. 490 0 $aPedagogia 2000 ;$v14 650 4$aCultura scientifica e cultura umanistica.$0(OLS)http://semarc/subject/8984 830 0$aPedagogia 2000 ;$v14.$0(OLS)http://semarc/title/7315 850 $aSeMil 852 $aSeMil$W1$xVenegono$y1$m2O III 313$j8389$B8389$CSeMilBibl$Z2$F8389 $81 961 $aOmaggio: Oneta don Marco 996 $6020$a88-350-8835-6$9(OLS)http://semarc/number/13395 996 $6245$aCultura scientifica e interdisciplinarità$9(OLS)http://semarc/title/61525 996 $6260$aBrescia :$bLa Scuola$9(OLS)http://semarc/publisher/29831